| 000 | 01025cab a2200265 4500 | ||
|---|---|---|---|
| 001 | ABS60640 | ||
| 008 | 090401t1999 xxu||||| |||| 00| 0 eng d | ||
| 035 | _a(Sirsi) u99934 | ||
| 041 | _aeng | ||
| 100 | _aByatt, R. | ||
| 245 | _aOffice space by numbers | ||
| 260 | _c1999 | ||
| 350 | _a0 | ||
| 490 |
_aPremises and Facilities Management _vMay 1999, 20-22(3) |
||
| 520 | _aNAO reports on office space management are important because of a lack of verifiable information on office space use, standards and costs. The NAO's latest study is on the MoD. Summarises the main recommendations, and looks at space utilisation. The overall emphasis of the report is on cost savings. Graph. Ministry of Defence management of office space, Stationery Office £10.15. | ||
| 650 | _aMINISTRY OF DEFENCE | ||
| 650 | _aMOD | ||
| 650 | _aNAO | ||
| 650 | _aNATIONAL AUDIT OFFICE | ||
| 650 | _aOFFICE SPACE | ||
| 650 | _aSPACE MANAGEMENT | ||
| 690 | _aMANAGEMENT-FACILITIES MANAGEMENT | ||
| 942 | _n0 | ||
| 948 | _c03/06/1999 | ||
| 999 |
_c60016 _d60016 |
||